| 000 | 00741nam a2200253Ia 4500 | ||
|---|---|---|---|
| 003 | OSt | ||
| 005 | 20220918170611.0 | ||
| 006 | a|||||r|||| 00| 0 | ||
| 007 | ta | ||
| 008 | 220917b |||||||| |||| 00| 0 eng d | ||
| 020 |
_a9780415367769 (hbk) _c4122.00 |
||
| 024 | _a232,436 | ||
| 037 |
_b11079, 26/11/2007, Overseas Press _cTextual |
||
| 040 |
_aARTS _cARTS _beng |
||
| 041 |
_2eng _aeng |
||
| 082 | _aO111,1:g(Q:361), P7 | ||
| 100 |
_aKennedy David _929949 |
||
| 245 | 0 | _aElegy | |
| 260 |
_aLondon _bRoutledge UK _c2007 |
||
| 300 |
_axi, 160p. _ccm. |
||
| 650 | _aENGLISH LITERATURE | ||
| 942 |
_hO111,1:g(Q:361), P7 _cTEXL _2CC |
||
| 999 |
_c134799 _d134799 |
||